000 nam a22 a 4500
999 _c122973
_d122973
003 BLK
005 20211217092146.0
008 180409b bul|||||r ||||||| ||bul||
010 _aKNG00128626000
040 _aBLK
041 _aBUL
_cBUL
080 _aВъзпитание у дома. Семейно възпитание
_b37.018.1
_z37.018.1
100 1 _aАтанасов, Жечо Господинов
_eпърви автор
_9364564
139 _aАтанасов, Жечо Господинов
_bА 93
245 1 0 _aЧистият извор
_bМисли за сем., децата и възпитанието
_cЖечо Господинов Атанасов.
257 _aBGR
260 _bНар. просв.
_c1961
_aСофия
300 _a100 с.
_c25 см
380 _a3
490 _aБиблиотека за родителите
_v1
_9205724
500 _a25 078 тир.
650 4 _aСемейно възпитание
_9263959
653 _aсемейно възпитание
852 _aЦб 19522
856 4 _qpdf
856 4 _qpdf
942 _cKNG
_n0
_s1
944 _aCR
_c10.03.2012
_l10.03.2012 - от С1,Р / 10.03.2012
_kНаталия_Медовщикова
944 _aED
_c10.03.2012
_l10.03.2012 - от С1,Р / 10.03.2012
944 _aED
_c2021-12-17
_l2021-12-17
_kВК
999 _d122973